000 00556nam a2200181 i 4500
001 133654
003 ES-MaACL
005 20230906194504.0
007 t|
008 070823q1912 fr ||||1| fre d
100 1 _aWoods, Henry Charles.
_9117338
245 1 3 _aLa Turquie et ses voisins /
_cH. Charles Woods ; traduction de l'anglais par Jacques Duroy.
260 _aParis :
_bE. Gilmoto,
_c[1912]
300 _aXXIV, 355 p. ;
_c20 cm.
651 4 _aTurquía-
_xHistoria-
_yS.XX.
_99462
700 1 _aDuroy, Jacques.
_946314
852 _aES-MaACL
_jD-602
999 _c133654
_d133654